Detalles MARC
| 000 -LEADER |
| fixed length control field |
01465nam a2200349 a 4500 |
| 005 - FECHA ULTIMA MODIFICACION |
| control field |
20241129075717.0 |
| 008 - CAMPO DE CONTROL (LIBRO) |
| fixed length control field |
100310s2011||||sp a f |||| 001 0 spa d |
| 020 ## - INTERNATIONAL STANDARD BOOK NUMBER |
| ISBN |
9788479034443 |
| 041 ## - CODIGO DE IDIOMA |
| Código de idioma del texto/pista de sonido o título separado |
spa |
| 092 ## - SIGNATURA TOPOGRAFICA DEWEY LOCAL |
| número de clasificación |
616.07 |
| libristica |
79 |
| sección |
SIL |
| 100 1# - ENTRADA PRINCIPAL--NOMBRE PERSONAL |
| Nombre personal |
Silbernagl, Stefan |
| 9 (RLIN) |
1947 |
| 245 ## - TITULO PROPIAMENTE DICHO |
| Título |
Fisiología. |
| Subtítulo y Título paralelo |
Texto y atlas. 188 ilustraciones / |
| Mención de responsabilidad y remanente de la transcripción de la portada |
Stefan Silbernagl |
| 250 ## - MENCION DE EDICION |
| Mención de edición |
7a ed. revisada y ampliada |
| Mención de responsabilidad relacionada con la ed. |
Traducción Jorge Frydman y Alexandra Mandry. Ilustraciones de Rüdiger Gay y Astried Rothenbueger |
| 260 ## - PIE DE IMPRENTA |
| Lugar de publicación, distribución, etc |
Madrid: |
| Nombre de la editorial, distribuidor, etc |
Editorial Médica Panamericana; |
| Fecha de publicación |
2011. |
| 300 ## - DESCRIPCION FISICA |
| Extension |
440 p. |
| Otros detalles físicos |
il. |
| 500 ## - NOTA GENERAL |
| Nota general |
Silbernagl, S. y Despopoulos, A. (Col.). (2011). Fisiología. Texto y atlas. 188 ilustraciones. (7a ed.). Madrid : Editorial Médica Panamericana. |
| 653 ## - TÉRMINO INDIZADO - PALABRAS CLAVES |
| Palabra clave |
Bases de la fisiologia, fisiologia celular |
| 653 ## - TÉRMINO INDIZADO - PALABRAS CLAVES |
| Palabra clave |
Nervio y musculo, trabajo |
| 653 ## - TÉRMINO INDIZADO - PALABRAS CLAVES |
| Palabra clave |
Sistema nervioso autonomo |
| 653 ## - TÉRMINO INDIZADO - PALABRAS CLAVES |
| Palabra clave |
Sangre |
| 653 ## - TÉRMINO INDIZADO - PALABRAS CLAVES |
| Palabra clave |
Respiracion |
| 653 ## - TÉRMINO INDIZADO - PALABRAS CLAVES |
| Palabra clave |
Estado acido-base |
| 653 ## - TÉRMINO INDIZADO - PALABRAS CLAVES |
| Palabra clave |
Riñon |
| 653 ## - TÉRMINO INDIZADO - PALABRAS CLAVES |
| Palabra clave |
Corazon y aparato circulatorio |
| 653 ## - TÉRMINO INDIZADO - PALABRAS CLAVES |
| Palabra clave |
Equilibrio termico y termoregulacion |
| 653 ## - TÉRMINO INDIZADO - PALABRAS CLAVES |
| Palabra clave |
Digestion |
| 653 ## - TÉRMINO INDIZADO - PALABRAS CLAVES |
| Palabra clave |
Hormonas, reproduccion |
| 653 ## - TÉRMINO INDIZADO - PALABRAS CLAVES |
| Palabra clave |
Sistema nervioso central y sentidos |
| 653 ## - TÉRMINO INDIZADO - PALABRAS CLAVES |
| Palabra clave |
Apéndices: Magnitudes y unidades. Potencias y logaritmos. Representación gráfica de mediciones. Alfabeto griego. Valores normales. Fórmulas importantes en fisiología |
| 700 1# - ENTRADAS SECUNDARIAS - NOMBRE PERSONAL |
| Nombre personal |
Despopoulos, Agamemnon |
| 9 (RLIN) |
1948 |
| 942 ## - ADDED ENTRY ELEMENTS (KOHA) |
| Source of classification or shelving scheme |
Dewey Decimal Classification |
| Item type |
Libros |